Les 10 villes les plus peuplées de la Loire (42) - Statistiques

Statistiques générales
  • Ce quiz a été pris 65 fois
  • Le résultat moyen est 7 sur 10
Statistiques - réponses
Population Commune % Correct
172 600 Saint-Etienne
100%
35 400 Roanne
93%
16 100 Montbrison
84%
35 600 Saint-Chamond
80%
17 100 Firminy
76%
15 500 Rive-de-Gier
64%
10 300 Andrézieux-Bouthéon
58%
15 600 Saint-Just-Saint-Rambert
49%
11 000 Riorges
40%
12 300 Le Chambon-Feugerolles
33%
Aucun quiz correspondant
Distribution des résultats
% des personnes avec chaque résultat
Percentile par nombre de réponses
Votre historique - résultats
Vous n’avez pas pris ce quiz